[Event "308th YMCA Autumn C"]
[Site "Warsaw"]
[Date "2025.09.23"]
[Round "1"]
[White "Marczukiewicz, Slawomir"]
[Black "Wiktorowski, Janusz"]
[Result "1-0"]
[WhiteElo "1658"]
[BlackElo "1589"]
[PlyCount "91"]
[EventDate "2025.09.23"]
[EventType "tourn"]
[EventRounds "1"]
[EventCountry "POL"]
[SourceDate "2025.09.23"]

1. d4 d5 2. c4 e6 3. Nc3 h6 4. Bf4 Bd6 5. Bxd6 Qxd6 6. c5 Qe7 7. Nf3 Nc6 8. e3
Nf6 9. Bb5 O-O 10. O-O Bd7 11. a3 a6 12. Ba4 Na5 13. Bc2 Bb5 14. Re1 Bd7 15.
Ne5 Nc6 16. Qd3 Bc8 17. f4 Bd7 18. b4 Be8 19. Rf1 g6 20. Rf3 Kh7 21. Raf1 Ne4
22. Nxe4 dxe4 23. Qxe4 f5 24. Qd3 Nxe5 25. fxe5 Bb5 26. Qd1 Bxf1 27. Qxf1 b6
28. e4 bxc5 29. exf5 gxf5 30. bxc5 Rg8 31. Qc4 Qg5 32. g3 c6 33. Bb3 Rae8 34.
Qxa6 Ra8 35. Qxc6 Qc1+ 36. Kg2 Qb2+ 37. Kh3 Qxd4 38. Bxe6 Qg4+ 39. Kg2 Rgf8 40.
Bxf5+ Rxf5 41. Qd7+ Kg6 42. Qe6+ Kg7 43. Rxf5 Qe2+ 44. Kh3 Rf8 45. Qe7+ Kg6 46.
Qxf8 1-0

[Event "308th YMCA Autumn C"]
[Site "Warsaw"]
[Date "2025.09.24"]
[Round "1"]
[White "Alvarado, Luis"]
[Black "Gluszek, Rafal"]
[Result "1/2-1/2"]
[WhiteElo "1730"]
[BlackElo "1723"]
[PlyCount "117"]
[EventDate "2025.09.23"]
[EventType "tourn"]
[EventRounds "1"]
[EventCountry "POL"]
[SourceDate "2025.09.23"]

1. e4 c6 2. d4 d5 3. Nc3 dxe4 4. Nxe4 Nd7 5. Ng5 Ngf6 6. Bd3 e6 7. N1f3 Bd6 8.
O-O O-O 9. c3 h6 10. Ne4 Nxe4 11. Bxe4 Nf6 12. Bc2 c5 13. Be3 Qc7 14. dxc5 Bxc5
15. Bxc5 Qxc5 16. Qe2 b6 17. Nd2 Bb7 18. Ne4 Bxe4 19. Bxe4 Nxe4 20. Qxe4 Rfd8
21. Rfd1 Qc7 22. g3 Rac8 23. Rac1 b5 24. a3 a5 25. Qe3 Qb7 26. Rd4 Rd5 27. Rcd1
Rcd8 28. Qe4 Rxd4 29. Rxd4 Qxe4 30. Rxe4 Rd5 31. Kg2 Kf8 32. b4 a4 33. c4 bxc4
34. Rxc4 Rd3 35. b5 Rxa3 36. b6 Rb3 37. Rxa4 Rxb6 38. Ra8+ Ke7 39. h4 e5 40.
Kf3 f5 41. Ra5 Kf6 42. Ra8 e4+ 43. Kf4 g5+ 44. hxg5+ hxg5+ 45. Ke3 Rb3+ 46. Ke2
Kg6 47. g4 fxg4 48. Rg8+ Kh6 49. Rh8+ Kg7 50. Re8 g3 51. fxg3 Rxg3 52. Rxe4 Ra3
53. Re6 g4 54. Kf2 Rf3+ 55. Kg2 Rf6 56. Re4 Rg6 57. Kg3 Kf6 58. Rxg4 Rxg4+ 59.
Kxg4 1/2-1/2

[Event "308th YMCA Autumn C"]
[Site "Warsaw"]
[Date "2025.09.24"]
[Round "1"]
[White "Kasperski, Marcin"]
[Black "Milczak, Piotr"]
[Result "1-0"]
[WhiteElo "1724"]
[BlackElo "1663"]
[PlyCount "145"]
[EventDate "2025.09.23"]
[EventType "tourn"]
[EventRounds "1"]
[EventCountry "POL"]
[SourceDate "2025.09.23"]

1. c4 Nf6 2. g3 e5 3. Bg2 c6 4. Nf3 d6 5. O-O Be7 6. Nc3 O-O 7. b4 e4 8. Nd4 d5
9. c5 b6 10. Nb3 Nbd7 11. Na4 bxc5 12. Naxc5 Nxc5 13. bxc5 Nd7 14. Qc2 Ba6 15.
d3 exd3 16. exd3 Re8 17. Rd1 Bf6 18. Rb1 Bb5 19. Bf4 Nf8 20. Bd6 a5 21. Nd2 a4
22. Bxd5 Be5 23. Bc4 Bxd6 24. Bxb5 cxb5 25. cxd6 Qxd6 26. Rxb5 Ne6 27. Qc4 Rec8
28. Qd5 Qxd5 29. Rxd5 Rc2 30. a3 g6 31. Nc4 Nc7 32. Rc5 Ne6 33. Rb5 Nd4 34. Rb2
Rxb2 35. Nxb2 Nb5 36. Nc4 Rd8 37. Kf1 f6 38. Rd2 Kf7 39. Ke1 Nd4 40. Rb2 Nb3
41. Nb6 Nc5 42. Rc2 Nxd3+ 43. Ke2 Ne5 44. f4 Nd7 45. Nxa4 Ra8 46. Rc7 Ke6 47.
Rxd7 Rxa4 48. Rd3 f5 49. Kd2 h6 50. Kc2 g5 51. Kb3 Ra8 52. a4 Rb8+ 53. Kc3 Rc8+
54. Kb4 Rb8+ 55. Kc5 Rc8+ 56. Kb6 Rc2 57. Ra3 Rb2+ 58. Kc5 Rxh2 59. a5 Rc2+ 60.
Kb6 Kd6 61. Rb3 Rc6+ 62. Kb7 Rc7+ 63. Kb8 Rc5 64. a6 Kd7 65. a7 Rc8+ 66. Kb7
Rc7+ 67. Ka6 Rc6+ 68. Rb6 Rc8 69. Rxh6 gxf4 70. gxf4 Rc1 71. a8=Q Ra1+ 72. Kb7
Rb1+ 73. Rb6 1-0

[Event "308th YMCA Autumn C"]
[Site "Warsaw"]
[Date "2025.09.24"]
[Round "1"]
[White "Pichurko, Jakub"]
[Black "Kumik, Michal"]
[Result "1/2-1/2"]
[WhiteElo "1714"]
[BlackElo "1658"]
[PlyCount "44"]
[EventDate "2025.09.23"]
[EventType "tourn"]
[EventRounds "1"]
[EventCountry "POL"]
[SourceDate "2025.09.23"]

1. Nf3 d5 2. d4 Nf6 3. g3 c6 4. Bg2 Bg4 5. O-O Nbd7 6. Nbd2 Qc7 7. b3 e5 8.
dxe5 Nxe5 9. Bb2 Bd6 10. Rc1 O-O 11. c4 dxc4 12. Nxc4 Nxc4 13. Rxc4 Bxf3 14.
Bxf3 Be5 15. Bxe5 Qxe5 16. Qd4 Rfe8 17. Rd1 g6 18. Qxe5 Rxe5 19. Rcd4 Rae8 20.
e3 h5 21. h4 Kg7 22. Kg2 Ra5 $11 1/2-1/2

[Event "308th YMCA Autumn C"]
[Site "Warsaw"]
[Date "2025.09.24"]
[Round "1"]
[White "Glowacki, Mateusz"]
[Black "Momot, Glib"]
[Result "1/2-1/2"]
[WhiteElo "1693"]
[BlackElo "1685"]
[PlyCount "77"]
[EventDate "2025.09.23"]
[EventType "tourn"]
[EventRounds "1"]
[EventCountry "POL"]
[SourceDate "2025.09.23"]

1. e4 c5 2. a3 Nc6 3. b4 e6 4. Nf3 d6 5. b5 Ne5 6. Nxe5 dxe5 7. Bb2 Nf6 8. Qf3
Bd6 9. Be2 b6 10. d3 a6 11. Nd2 axb5 12. Qg3 O-O 13. h4 Qc7 14. h5 h6 15. Nf3
c4 16. Bxe5 Bxe5 17. Qxe5 Qxe5 18. Nxe5 cxd3 19. Bxd3 Bb7 20. f3 Ra5 21. g4
Rfa8 22. Ke2 Kf8 23. Rhb1 Rc8 24. Rxb5 Rxb5 25. Bxb5 Rxc2+ 26. Kd3 Rc5 27. Nd7+
Nxd7 28. Bxd7 Ba6+ 29. Kd2 Rc4 30. Ke1 Ke7 31. Rd1 b5 32. e5 Rc5 33. f4 Rc4 34.
Rd6 Rxf4 35. Bc6 f6 36. Rd7+ Kf8 37. Ra7 Ra4 38. exf6 gxf6 39. Kd2 $11 1/2-1/2

[Event "308th YMCA Autumn C"]
[Site "Warsaw"]
[Date "2025.09.24"]
[Round "1"]
[White "Kita, Jaroslaw"]
[Black "Przybylski, Marek"]
[Result "0-1"]
[WhiteElo "1557"]
[BlackElo "1668"]
[PlyCount "103"]
[EventDate "2025.09.23"]
[EventType "tourn"]
[EventRounds "1"]
[EventCountry "POL"]
[SourceDate "2025.09.23"]

1. e4 e5 2. Nf3 Nc6 3. Bc4 Bc5 4. d3 Nf6 5. c3 a6 6. Bb3 d6 7. h3 h6 8. O-O O-O
9. Re1 Re8 10. Nbd2 Bb6 11. Nf1 Be6 12. N3h2 Qd7 13. Qf3 Bxb3 14. axb3 Qe6 15.
b4 Rad8 16. Ng3 Ne7 17. Nf5 Nxf5 18. exf5 Qd5 19. Qg3 Kh7 20. Ng4 Nxg4 21. hxg4
f6 22. Qh3 Qf7 23. g5 fxg5 24. Bxg5 Ra8 25. f6 Qg6 26. Bh4 gxf6 27. Qf3 c6 28.
Qxf6 Qxf6 29. Bxf6 Bxf2+ 30. Kxf2 Rf8 31. Ke3 Rxf6 32. Rf1 Raf8 33. Rxf6 Rxf6
34. Re1 Kg6 35. Re2 Kg5 36. d4 exd4+ 37. Kxd4 Rf4+ 38. Kd3 Kf6 39. Kc2 b6 40.
Kd3 d5 41. Kc2 c5 42. bxc5 bxc5 43. Kd3 Kf5 44. Kd2 d4 45. c4 h5 46. Kc2 h4 47.
Kd2 Kg4 48. Ke1 Kg3 49. Rd2 d3 50. b3 a5 51. Ra2 Re4+ 52. Kf1 0-1

[Event "308th YMCA Autumn C"]
[Site "Warsaw"]
[Date "2025.10.01"]
[Round "2"]
[White "Momot, Glib"]
[Black "Kita, Jaroslaw"]
[Result "0-1"]
[WhiteElo "1685"]
[BlackElo "1557"]
[PlyCount "78"]
[EventDate "2025.09.23"]
[EventType "tourn"]
[EventRounds "1"]
[EventCountry "POL"]
[SourceDate "2025.09.23"]

1. e4 c6 2. d4 d5 3. exd5 cxd5 4. Bd3 Nc6 5. c3 Nf6 6. h3 e5 7. dxe5 Nxe5 8.
Bc2 Bc5 9. Bf4 Ng6 10. Bg3 O-O 11. Ne2 Re8 12. O-O Ne4 13. Bh2 Nxf2 14. Rxf2
Bxf2+ 15. Kxf2 Qb6+ 16. Nd4 Qxb2 17. Nb3 Bf5 18. Na3 Bxc2 19. Nxc2 Qxc3 20.
Nbd4 Rac8 21. Rb1 b6 22. Rb3 Qc5 23. Rb5 Qc4 24. a3 Re4 25. Rb4 Qc5 26. Rb5 Qc4
27. Rb4 Qa2 28. Qd3 Rxd4 29. Rxd4 Rxc2+ 30. Ke3 Rxg2 31. Rxd5 Qf2+ 32. Ke4 Qh4+
33. Ke3 Qxh3+ 34. Kd4 Qxd3+ 35. Kxd3 Rxh2 36. Rd8+ Nf8 37. Ke4 g6 38. Ke5 Kg7
39. a4 Ra2 0-1

[Event "308th YMCA Autumn C"]
[Site "Warsaw"]
[Date "2025.10.09"]
[Round "2"]
[White "Kumik, Michal"]
[Black "Glowacki, Mateusz"]
[Result "1/2-1/2"]
[WhiteElo "1658"]
[BlackElo "1693"]
[PlyCount "72"]
[EventDate "2025.09.23"]
[EventType "tourn"]
[EventRounds "1"]
[EventCountry "POL"]
[SourceDate "2025.09.23"]

1. c4 e6 2. d4 f5 3. Nc3 Nf6 4. Bg5 Be7 5. g3 O-O 6. Bg2 d6 7. Qb3 c6 8. e3 Kh8
9. Nge2 e5 10. dxe5 dxe5 11. e4 Nbd7 12. Rd1 fxe4 13. Nxe4 Nxe4 14. Bxe7 Qxe7
15. Bxe4 Nc5 16. Qa3 Bh3 17. Qe3 Nxe4 18. Qxe4 Qb4+ 19. Rd2 Rad8 20. Qc2 Rxf2
21. Kxf2 Rxd2 22. Rd1 Rxd1 23. Qxd1 Qb6+ 24. Kf3 h5 25. Qc2 Bg4+ 26. Kg2 Qe3
27. Ng1 e4 28. Qf2 Qd3 29. h3 Bd1 30. Qf8+ Kh7 31. Qf5+ Kh6 32. Qe6+ g6 33. Qf6
Bf3+ 34. Nxf3 Qe2+ 35. Kg1 exf3 36. Qf8+ Kh7 $11 1/2-1/2

[Event "308th YMCA Autumn C"]
[Site "Warsaw"]
[Date "2025.10.01"]
[Round "2"]
[White "Milczak, Piotr"]
[Black "Pichurko, Jakub"]
[Result "1/2-1/2"]
[WhiteElo "1663"]
[BlackElo "1714"]
[PlyCount "59"]
[EventDate "2025.09.23"]
[EventType "tourn"]
[EventRounds "1"]
[EventCountry "POL"]
[SourceDate "2025.09.23"]

1. d4 Nf6 2. Nf3 d5 3. c4 e6 4. Nc3 Be7 5. e3 O-O 6. Bd3 c6 7. O-O Nbd7 8. e4
dxe4 9. Nxe4 Nxe4 10. Bxe4 Nf6 11. Bc2 c5 12. Be3 Qc7 13. dxc5 Bxc5 14. Bxc5
Qxc5 15. Rc1 b6 16. Qe2 Bb7 17. Rfd1 Rac8 18. b3 Qc6 19. Rd4 Rcd8 20. Rxd8 Rxd8
21. Rd1 Re8 22. Qe5 h6 23. h3 Nd7 24. Qd6 Qxd6 25. Rxd6 Nf6 26. Ne5 Kf8 27.
Nd7+ Nxd7 28. Rxd7 Re7 29. Rd8+ Re8 30. Rd7 $11 1/2-1/2

[Event "308th YMCA Autumn C"]
[Site "Warsaw"]
[Date "2025.10.01"]
[Round "2"]
[White "Gluszek, Rafal"]
[Black "Kasperski, Marcin"]
[Result "1-0"]
[WhiteElo "1723"]
[BlackElo "1724"]
[PlyCount "83"]
[EventDate "2025.09.23"]
[EventType "tourn"]
[EventRounds "1"]
[EventCountry "POL"]
[SourceDate "2025.09.23"]

1. Nf3 c5 2. c4 Nc6 3. Nc3 g6 4. g3 Bg7 5. Bg2 e5 6. O-O Nge7 7. a3 O-O 8. Ne1
d6 9. Nc2 Na5 10. Ne3 Nf5 11. d3 Nd4 12. b4 Nab3 13. Rb1 Nxc1 14. Qxc1 Rb8 15.
Qd2 Bh6 16. Ncd5 Nf5 17. Qc3 Nxe3 18. fxe3 f5 19. bxc5 Bg7 20. c6 bxc6 21. Rxb8
cxd5 22. cxd5 Qd7 23. Rc1 Ba6 24. Rxf8+ Bxf8 25. Qc6 Bb5 26. Qxd7 Bxd7 27. Rc7
Ba4 28. Rxa7 Bd1 29. Kf2 Bh6 30. a4 f4 31. exf4 exf4 32. gxf4 Bxf4 33. e3 Bxh2
34. d4 h5 35. Bf3 Bxf3 36. Kxf3 Bg1 37. a5 g5 38. a6 g4+ 39. Ke2 h4 40. Rb7 h3
41. a7 Bh2 42. a8=R# 1-0

[Event "308th YMCA Autumn C"]
[Site "Warsaw"]
[Date "2025.10.03"]
[Round "2"]
[White "Wiktorowski, Janusz"]
[Black "Alvarado, Luis"]
[Result "0-1"]
[WhiteElo "1589"]
[BlackElo "1730"]
[PlyCount "93"]
[EventDate "2025.09.23"]
[EventType "tourn"]
[EventRounds "1"]
[EventCountry "POL"]
[SourceDate "2025.09.23"]

1. e4 c6 2. d4 d5 3. e5 Bf5 4. Bd3 Bxd3 5. Qxd3 e6 6. Ne2 c5 7. dxc5 Nc6 8. O-O
Bxc5 9. Qb5 Qb6 10. Nbc3 Qxb5 11. Nxb5 O-O-O 12. Bf4 a6 13. Nbc3 Nge7 14. Kh1
Ng6 15. Bg3 Ngxe5 16. f4 Nc4 17. Na4 Ba7 18. b3 Ne3 19. Rf3 Nxc2 20. Rc1 N2d4
21. Nxd4 Bxd4 22. f5 e5 23. Rd3 Kd7 24. Nc5+ Bxc5 25. Rxc5 f6 26. Rcxd5+ Ke7
27. Bf2 Rxd5 28. Rxd5 Rd8 29. Rxd8 Kxd8 30. g4 Nd4 31. Bxd4 exd4 32. Kg2 Kd7
33. Kf3 Kd6 34. Ke4 Kc5 35. a3 a5 36. h4 h6 37. Kd3 b5 38. Ke4 a4 39. bxa4 bxa4
40. Kd3 Kd5 41. h5 Kc5 42. Kd2 Kc4 43. Kc2 d3+ 44. Kd2 Kd4 45. Kd1 Kc3 46. Kc1
Kb3 47. Kd2 0-1

[Event "308th YMCA Autumn C"]
[Site "Warsaw"]
[Date "2025.10.01"]
[Round "2"]
[White "Kozera, Konrad"]
[Black "Marczukiewicz, Slawomir"]
[Result "1-0"]
[WhiteElo "1558"]
[BlackElo "1658"]
[PlyCount "83"]
[EventDate "2025.09.23"]
[EventType "tourn"]
[EventRounds "1"]
[EventCountry "POL"]
[SourceDate "2025.09.23"]

1. e4 c5 2. Nf3 e6 3. d4 cxd4 4. Nxd4 Bc5 5. Be3 Nf6 6. Nc3 d6 7. Bb5+ Bd7 8.
Bxd7+ Qxd7 9. f3 Nc6 10. Qd2 Ne5 11. Nb3 Bxe3 12. Qxe3 Nc4 13. Qg5 O-O 14.
O-O-O h6 15. Qf4 Rac8 16. Rd3 a6 17. Rhd1 Qc7 18. Nd2 Ne5 19. Rd4 Rfd8 20. Nf1
Nc4 21. e5 Nxe5 22. Ne3 d5 23. Qh4 Ng6 24. Qf2 b5 25. Qd2 Qxh2 26. Ne4 Qc7 27.
Nxf6+ gxf6 28. Ng4 f5 29. Nxh6+ Kg7 30. g4 Rh8 31. Rh1 f4 32. g5 Ne5 33. Rh3 a5
34. Kb1 Ng6 35. Rh2 b4 36. Qd1 a4 37. Rd3 Qc6 38. Qc1 a3 39. Qd2 Qd6 40. c4
bxc3 41. Rxc3 Rc5 42. Qd4+ 1-0

[Event "308th YMCA Autumn C"]
[Site "Warsaw"]
[Date "2025.10.10"]
[Round "3"]
[White "Alvarado, Luis"]
[Black "Kozera, Konrad"]
[Result "1-0"]
[WhiteElo "1730"]
[BlackElo "1558"]
[PlyCount "99"]
[EventDate "2025.09.23"]
[EventType "tourn"]
[EventRounds "1"]
[EventCountry "POL"]
[SourceDate "2025.09.23"]

1. e4 e6 2. d4 d5 3. exd5 exd5 4. Nf3 Bd6 5. c4 c6 6. cxd5 cxd5 7. Nc3 Ne7 8.
h3 O-O 9. Bd3 Nd7 10. Qc2 h6 11. O-O Nf6 12. Ne2 Qc7 13. Qxc7 Bxc7 14. Bf4 Bb6
15. Nc3 Bf5 16. Bxf5 Nxf5 17. Be5 Rad8 18. g4 Ne7 19. Bxf6 gxf6 20. Rad1 Rd6
21. Nh4 Kh7 22. Rfe1 Nc6 23. Nf5 Rd7 24. Na4 Ba5 25. Re2 Bb4 26. a3 Bd6 27. b4
b6 28. Rc1 Rc8 29. Rec2 Bf4 30. Rxc6 Bxc1 31. Rxc8 Bxa3 32. b5 Kg6 33. Nc3 h5
34. Ne2 hxg4 35. hxg4 a6 36. bxa6 Ra7 37. Rg8+ Kh7 38. Rg7+ Kh8 39. Nc3 Bf8 40.
Nb5 Rd7 41. a7 Rxa7 42. Nxa7 Bxg7 43. Nxg7 Kxg7 44. Nb5 f5 45. gxf5 Kf6 46. Nc3
Kxf5 47. Nxd5 b5 48. Nb4 Ke4 49. d5 Ke5 50. Kf1 1-0

[Event "308th YMCA Autumn C"]
[Site "Warsaw"]
[Date "2025.10.16"]
[Round "3"]
[White "Kasperski, Marcin"]
[Black "Wiktorowski, Janusz"]
[Result "1-0"]
[WhiteElo "1724"]
[BlackElo "1589"]
[PlyCount "97"]
[EventDate "2025.09.23"]
[EventType "tourn"]
[EventRounds "1"]
[EventCountry "POL"]
[SourceDate "2025.09.23"]

1. g3 e5 2. Bg2 d5 3. c4 c6 4. Qc2 dxc4 5. Na3 Bxa3 6. bxa3 Be6 7. Nf3 Nd7 8.
Bb2 f6 9. a4 Ne7 10. O-O Rb8 11. Ba3 c5 12. Rfd1 b6 13. d3 cxd3 14. Qxd3 Qc7
15. Nd2 O-O 16. Nc4 Rfd8 17. Qc2 Nf8 18. Ne3 Rxd1+ 19. Rxd1 Rd8 20. Rxd8 Qxd8
21. a5 Qd4 22. axb6 axb6 23. Bb2 Qb4 24. Bc3 Qa3 25. f4 exf4 26. gxf4 Qxa2 27.
Qd3 Qa7 28. f5 Bf7 29. Ng4 Qd7 30. Qg3 Kh8 31. Nxf6 Nxf5 32. Qb8 Qe7 33. Nd7
Kg8 34. Nxf8 Qxf8 35. Qxb6 Ne3 36. Qc6 Nxg2 37. Qxg2 g6 38. Qg5 h5 39. Qf6 Kh7
40. e4 c4 41. e5 Qg8 42. h4 Be6 43. Kg2 Qf7 44. Qg5 Qf5 45. Qe7+ Qf7 46. Qg5
Bd5+ 47. Kg1 Qf3 48. Qe7+ Kh6 49. Bd2+ $138 1-0

[Event "308th YMCA Autumn C"]
[Site "Warsaw"]
[Date "2025.10.08"]
[Round "3"]
[White "Pichurko, Jakub"]
[Black "Gluszek, Rafal"]
[Result "0-1"]
[WhiteElo "1714"]
[BlackElo "1723"]
[PlyCount "136"]
[EventDate "2025.09.23"]
[EventType "tourn"]
[EventRounds "1"]
[EventCountry "POL"]
[SourceDate "2025.09.23"]

1. c4 c5 2. Nc3 Nc6 3. g3 g6 4. Bg2 Bg7 5. e3 d6 6. Nge2 Nf6 7. d4 O-O 8. O-O
Rb8 9. h3 a6 10. b3 Qa5 11. Bb2 cxd4 12. exd4 Qh5 13. Nf4 Qh6 14. h4 g5 15.
hxg5 Qxg5 16. Ne4 Nxe4 17. Bxe4 Bg4 18. Qd3 h5 19. Ng2 Bf6 20. Bc1 Qg7 21. Bxc6
bxc6 22. Be3 c5 23. Qd2 Rfc8 24. Bh6 Qg6 25. Be3 Kh7 26. f3 Bd7 27. Bf2 cxd4
28. Bxd4 Bxd4+ 29. Qxd4 Qxg3 30. Qe4+ Qg6 31. Qxe7 Rg8 32. Rf2 Bh3 33. Qe2 Rg7
34. Rd1 Rbg8 35. Rd2 Bxg2 36. Rxg2 Qb1+ 37. Qf1 Rxg2+ 38. Rxg2 Rxg2+ 39. Kxg2
Qxa2+ 40. Qf2 Qxf2+ 41. Kxf2 Kg6 42. b4 Kf5 43. b5 axb5 44. cxb5 Ke6 45. f4 Kd5
46. Kg3 Kc5 47. Kh4 Kxb5 48. Kxh5 d5 49. Kg4 Kc4 50. Kf3 Kd3 51. f5 d4 52. Kf4
f6 53. Kf3 Kc2 54. Ke4 d3 55. Kd5 d2 56. Ke6 d1=Q 57. Kxf6 Qd7 58. Kg6 Qe7 59.
f6 Qf8 60. f7 Kd3 61. Kf6 Kd4 62. Ke6 Ke4 63. Kf6 Kd5 64. Kg6 Ke6 65. Kh7 Qxf7+
66. Kh8 Qf4 67. Kh7 Kf7 68. Kh8 Qh6# 0-1

[Event "308th YMCA Autumn C"]
[Site "Warsaw"]
[Date "2025.10.08"]
[Round "3"]
[White "Glowacki, Mateusz"]
[Black "Milczak, Piotr"]
[Result "1-0"]
[WhiteElo "1693"]
[BlackElo "1663"]
[PlyCount "51"]
[EventDate "2025.09.23"]
[EventType "tourn"]
[EventRounds "1"]
[EventCountry "POL"]
[SourceDate "2025.09.23"]

1. e4 e6 2. Nf3 d5 3. e5 c5 4. b4 cxb4 5. d4 Nc6 6. a3 bxa3 7. c3 Bd7 8. Bd3
Nge7 9. h4 h6 10. Nxa3 a6 11. Nc2 Nc8 12. Ne3 Na5 13. Bd2 b5 14. O-O Nc4 15.
Nxc4 dxc4 16. Be4 Ra7 17. Be3 Qc7 18. d5 Bc5 19. d6 Qb6 20. Nd4 Nxd6 21. exd6
Qxd6 22. Qg4 Kf8 23. Rfd1 Qb6 24. Qh5 g6 25. Qxc5+ Qxc5 26. Nxe6+ 1-0

[Event "308th YMCA Autumn C"]
[Site "Warsaw"]
[Date "2025.10.16"]
[Round "3"]
[White "Kita, Jaroslaw"]
[Black "Kumik, Michal"]
[Result "1-0"]
[WhiteElo "1557"]
[BlackElo "1658"]
[PlyCount "137"]
[EventDate "2025.09.23"]
[EventType "tourn"]
[EventRounds "1"]
[EventCountry "POL"]
[SourceDate "2025.09.23"]

1. e4 e5 2. Nf3 Nc6 3. Bc4 Nf6 4. d3 h6 5. O-O Bc5 6. c3 a6 7. Bb3 O-O 8. Re1
d6 9. h3 Nh7 10. Nbd2 Kh8 11. Nf1 f5 12. d4 exd4 13. cxd4 Bb4 14. Bd2 Bxd2 15.
Qxd2 Qf6 16. e5 Qg6 17. Ng3 f4 18. Bc2 Qf7 19. Ne4 d5 20. Nc3 Be6 21. Nh4 Ne7
22. Kh2 g5 23. Nf3 Qh5 24. Kg1 Bxh3 25. gxh3 Qxh3 26. Qd3 Rf5 27. Nh2 f3 28.
Nxf3 Qxf3 29. Qxf3 Rxf3 30. Nxd5 Nxd5 31. Be4 Rf4 32. Bxd5 c6 33. Be4 Rd8 34.
Rad1 Nf8 35. d5 cxd5 36. Bxd5 Rd7 37. e6 Re7 38. Bxb7 Rb4 39. Bxa6 Rxb2 40. Bc4
Rb6 41. Rd3 Kg7 42. a4 Rbb7 43. a5 Ra7 44. a6 Kf6 45. Rf3+ Kg7 46. Rf7+ Rxf7
47. exf7 Ng6 48. Re8 Nf8 49. Rc8 h5 50. Kg2 Re7 51. Bd5 Ra7 52. Bb7 Kxf7 53.
Ra8 Rxa8 54. Bxa8 Nd7 55. Bd5+ Ke7 56. a7 Nb6 57. a8=Q Nxa8 58. Bxa8 Kf6 $11
59. Kh3 Ke5 60. Kg3 Kf5 61. Bb7 g4 62. Kh4 Kf4 63. Bh1 Kf5 64. Kxh5 Kf4 65. Kh4
Kf5 66. Bb7 Kf4 67. Bc6 Kf5 68. Bd7+ Kf4 69. Bxg4 1-0

[Event "308th YMCA Autumn C"]
[Site "Warsaw"]
[Date "2025.10.08"]
[Round "3"]
[White "Przybylski, Marek"]
[Black "Momot, Glib"]
[Result "1-0"]
[WhiteElo "1668"]
[BlackElo "1685"]
[PlyCount "123"]
[EventDate "2025.09.23"]
[EventType "tourn"]
[EventRounds "1"]
[EventCountry "POL"]
[SourceDate "2025.09.23"]

1. e4 c5 2. Nf3 Nc6 3. d4 cxd4 4. Nxd4 Nf6 5. Nc3 g6 6. Be3 Bg7 7. Bc4 d6 8. f3
O-O 9. Qd2 Ne5 10. Bb3 Bd7 11. O-O-O Qa5 12. Nd5 Qxd2+ 13. Rxd2 Nxd5 14. Bxd5
Nc6 15. Kb1 Rab8 16. Rhd1 Ne5 17. Bg5 Rfe8 18. h3 Nc6 19. c3 h6 20. Be3 Rec8
21. Nb3 b6 22. f4 Nd8 23. e5 Bf5+ 24. Ka1 dxe5 25. fxe5 Bxe5 26. Bxh6 Ne6 27.
g4 a5 28. gxf5 gxf5 29. Bxe6 fxe6 30. Re2 Bf6 31. Rxe6 Kf7 32. Re2 a4 33. Nd4
a3 34. Bf4 Rb7 35. Be5 axb2+ 36. Kxb2 b5 37. a3 Rc5 38. Bxf6 Kxf6 39. Ne6 Rc4
40. Rd4 Rb6 41. Nf4 e6 42. Rxe6+ Rxe6 43. Nxe6 Kxe6 44. Rxc4 bxc4 45. Kc2 Ke5
46. Kd2 Kf4 47. Ke2 Kg3 48. Kf1 Kxh3 49. Kf2 Kg4 50. a4 Kf4 51. a5 Ke4 52. a6
Kd3 53. a7 Kxc3 54. a8=Q Kb2 55. Qb7+ Kc2 56. Qd5 c3 57. Qxf5+ Kc1 58. Qf4+ Kc2
59. Ke2 Kb2 60. Kd3 c2 61. Qf2 Ka1 62. Kxc2 1-0

[Event "308th YMCA Autumn C"]
[Site "Warsaw"]
[Date "2025.10.17"]
[Round "4"]
[White "Kumik, Michal"]
[Black "Przybylski, Marek"]
[Result "1/2-1/2"]
[WhiteElo "1658"]
[BlackElo "1668"]
[PlyCount "115"]
[EventDate "2025.09.23"]
[EventType "tourn"]
[EventRounds "1"]
[EventCountry "POL"]
[SourceDate "2025.09.23"]

1. e4 e5 2. Bc4 Bc5 3. Qf3 Qf6 4. d3 Nc6 5. c3 h6 6. Be3 Bb6 7. Nd2 d6 8. O-O-O
Be6 9. Bxe6 fxe6 10. Nc4 Bxe3+ 11. Nxe3 O-O-O 12. Qg3 Nge7 13. Ne2 Rhf8 14. f3
Ng6 15. Nc2 Nf4 16. Nxf4 Qxf4+ 17. Qxf4 Rxf4 18. d4 g5 19. Ne3 exd4 20. cxd4 d5
21. exd5 exd5 22. Nc2 Re8 23. Rd2 Kd7 24. b3 a5 25. a3 Kd6 26. Kb2 b6 27. Rhd1
h5 28. Rd3 Re2 29. R1d2 Rxd2 30. Rxd2 Na7 31. b4 axb4 32. axb4 Nb5 33. Rd3 g4
34. fxg4 hxg4 35. Kb3 Ke6 36. Re3+ Kd6 37. Rd3 c6 38. h3 gxh3 39. gxh3 Rh4 40.
Kb2 Ke6 41. Kc1 Nd6 42. Kd2 Ne4+ 43. Ke2 Ng5 44. Rc3 Kd7 45. Rg3 Nxh3 46. Rg7+
Kc8 47. Rg8+ Kb7 48. Rg7+ Ka6 49. Rc7 Re4+ 50. Kd3 Kb5 51. Kc3 Re6 52. Ra7 c5
53. dxc5 bxc5 54. Ra5+ Kb6 55. Rxc5 Rc6 56. Rxc6+ Kxc6 57. Nd4+ Kb6 58. Ne2 $11
1/2-1/2

[Event "308th YMCA Autumn C"]
[Site "Warsaw"]
[Date "2025.10.15"]
[Round "4"]
[White "Milczak, Piotr"]
[Black "Kita, Jaroslaw"]
[Result "1/2-1/2"]
[WhiteElo "1663"]
[BlackElo "1557"]
[PlyCount "49"]
[EventDate "2025.09.23"]
[EventType "tourn"]
[EventRounds "1"]
[EventCountry "POL"]
[SourceDate "2025.09.23"]

1. d4 d5 2. c4 e6 3. Nc3 Nf6 4. Nf3 Be7 5. Bg5 O-O 6. e3 h6 7. Bh4 b6 8. cxd5
Nxd5 9. Bxe7 Qxe7 10. Be2 Bb7 11. O-O Nd7 12. Rc1 c5 13. dxc5 Nxc5 14. Nxd5
Bxd5 15. Bc4 Bb7 16. Qe2 Rfd8 17. Rfd1 Rxd1+ 18. Rxd1 Rd8 19. h3 Ne4 20. a3 Ng5
21. Nxg5 Qxg5 22. Rxd8+ Qxd8 23. f3 Qd6 24. Qd3 Qxd3 25. Bxd3 $11 1/2-1/2

[Event "308th YMCA Autumn C"]
[Site "Warsaw"]
[Date "2025.10.15"]
[Round "4"]
[White "Gluszek, Rafal"]
[Black "Glowacki, Mateusz"]
[Result "0-1"]
[WhiteElo "1723"]
[BlackElo "1693"]
[PlyCount "60"]
[EventDate "2025.09.23"]
[EventType "tourn"]
[EventRounds "1"]
[EventCountry "POL"]
[SourceDate "2025.09.23"]

1. e4 c5 2. Nf3 a6 3. g3 d6 4. Bg2 Nf6 5. e5 Ng4 6. d4 cxd4 7. exd6 Qxd6 8. O-O
Nc6 9. h3 Nge5 10. Nxe5 Qxe5 11. Bf4 Qf6 12. Re1 Bf5 13. Nd2 O-O-O 14. Nc4 e5
15. Rxe5 Nxe5 16. Bxe5 Qe6 17. Qf3 Rd7 18. Rd1 Bc5 19. b4 Bxc2 20. Rxd4 Bxd4
21. Nd6+ Kd8 22. Nxb7+ Ke7 23. Bxd4 Rxd4 24. Nc5 Qe1+ 25. Kh2 Rhd8 26. h4 Kf8
27. h5 Kg8 28. h6 Qd1 29. Qc3 Qh5+ 30. Bh3 Bf5 0-1

[Event "308th YMCA Autumn C"]
[Site "Warsaw"]
[Date "2025.10.14"]
[Round "4"]
[White "Wiktorowski, Janusz"]
[Black "Pichurko, Jakub"]
[Result "1/2-1/2"]
[WhiteElo "1589"]
[BlackElo "1714"]
[PlyCount "26"]
[EventDate "2025.09.23"]
[EventType "tourn"]
[EventRounds "1"]
[EventCountry "POL"]
[SourceDate "2025.09.23"]

1. e4 c5 2. Nf3 g6 3. d4 cxd4 4. Nxd4 Bg7 5. Be3 Nc6 6. Nc3 Nf6 7. Be2 O-O 8.
O-O d5 9. exd5 Nxd5 10. Nxd5 Nxd4 11. Bxd4 Qxd5 12. Bxg7 Qxd1 13. Raxd1 Kxg7
$11 1/2-1/2

[Event "308th YMCA Autumn C"]
[Site "Warsaw"]
[Date "2025.10.17"]
[Round "4"]
[White "Kozera, Konrad"]
[Black "Kasperski, Marcin"]
[Result "1-0"]
[WhiteElo "1558"]
[BlackElo "1724"]
[PlyCount "91"]
[EventDate "2025.09.23"]
[EventType "tourn"]
[EventRounds "1"]
[EventCountry "POL"]
[SourceDate "2025.09.23"]

1. e4 e6 2. d4 d5 3. Bd3 Nf6 4. e5 Nfd7 5. Ne2 Nc6 6. c3 Nb6 7. O-O Bd7 8. Nd2
Na5 9. b4 Nac4 10. Qb3 Ba4 11. Qb1 Qd7 12. Nb3 O-O-O 13. Nc5 Qe8 14. Nxa4 Nxa4
15. Bxc4 dxc4 16. Qc2 b5 17. Ng3 Qc6 18. Bg5 Rd7 19. Ne4 h6 20. Bh4 g5 21. Bg3
Be7 22. f4 g4 23. f5 Nb6 24. f6 Bf8 25. Be1 h5 26. Bd2 h4 27. Rf4 h3 28. Rxg4
hxg2 29. Bc1 Rh3 30. Qxg2 Rd3 31. Nd6+ Rxd6 32. exd6 Qxg2+ 33. Rxg2 Rxc3 34.
Rg8 Nd7 35. Bh6 cxd6 36. Bxf8 Nxf6 37. Rh8 Kd7 38. Rf1 Nd5 39. Rxf7+ Kc6 40.
Rxa7 Nxb4 41. a3 Nc2 42. Ra6+ Kb7 43. Rxd6 Nxa3 44. Rxe6 Nc2 45. Rh7+ Kc8 46.
Re8# 1-0